Wszystkie pociągi PKP Intercity na stacji Poznań Główny - Statystyki

Ogólne statystyki
  • Ten quiz został rozwiązany 375 razy
  • Średni wynik to 14 z 47
Statystyki odpowiedzi
Kategoria Nazwa % Poprawnych
EIC BWE
57%
EIC Chrobry
57%
IC Artus
50%
IC Przemyślanin
49%
IC Zielonogórzanin
46%
IC Mieszko
43%
TLK Uznam
37%
IC Malczewski
36%
IC Pomorzanin
36%
IC Lubuszanin
35%
IC Mewa
35%
TLK Rozewie
35%
IC Gedania
34%
IC Podlasiak
34%
IC Piast
34%
IC Ślązak
33%
IC Górski
32%
IC Heweliusz
32%
TLK Spodek
31%
IC Warta
31%
IC Bałtyk
30%
IC Bachus
29%
IC Szyndzielnia
29%
IC Mamry
28%
IC Osterwa
28%
IC Gałczyński
27%
IC Gwarek
26%
IC Jeziorak
25%
IC Stoczniowiec
25%
IC Szkuner
24%
IC Barbakan
23%
IC Halny
23%
IC Lednica
23%
TLK Włókniarz
23%
TLK Pirat
22%
IC Ukiel
22%
IC Bosman
21%
IC Podhalanin
20%
TLK Pułaski
20%
IC Zefir
19%
IC Wybicki
18%
IC Cegielski
17%
IC Dionizos
15%
IC Drwęca
14%
IC Krakowianka
11%
IC Jamno
10%
IC Wieniawski
3%
Nie znaleziono quizów pasujących do podanych kryteriów
Rozkład punktacji
Procent ludzi z każdym wynikiem
Percentyl według liczby udzielonych odpowiedzi
Twoja historia wyników
Nie rozwiązałeś tego quizu